000 01162cam a2200337 i 4500
999 _c200435041
_d53253
001 200435041
003 TR-AnTOB
005 20200303105129.0
008 181218s2018 tu a j tur
020 _a9786053121879
040 _aTR-AnTOB
_beng
_erda
_cTR-AnTOB
041 1 _atur
_heng
050 1 _aPZ73..P46
090 _aJUN PZ73..P46
_bC5419 2018
100 1 _aPenner, Lucille Recht
_eauthor
_9123733
240 1 0 _aMath matters: clean-sweep campers
245 1 0 _aMatematik her yerde :
_btemiz kampçılar /
_cLucille Recht Penner ; resimleyen: Paige Billin-Frye ; çeviri: Tuba Rabia Öngün.
250 _a1. basım: Ekim, 2018
264 1 _aAnkara :
_bTÜBİTAK,
_c2018.
300 _a32 pages :
_bcolours illustrations ;
_c23 cm
336 _2rdacontent
_atext
_btxt
337 _2rdamedia
_aunmediated
_bn
338 _2rdacarrier
_avolume
_bnc
490 0 _aTÜBİTAK popüler bilim kitapları:
_v984
500 _a7 yaş +.
650 7 _aMatematik
_vÇocuk edebiyatı
_9117465
700 1 _aÖngün, Tuba Rabia
_etranslator
_9123727
700 1 _aBillin-Frye, Paige
_eillustrator
_9123742
942 _2lcc
_cBK